| 000 | 00942nam a2200253 4500 | ||
|---|---|---|---|
| 001 | 51382 | ||
| 003 | BD-RjUL | ||
| 005 | 20211209075642.0 | ||
| 008 | 160830s1958 enka 000 0 eng d | ||
| 035 | _a(NIC)notisAAE1609 | ||
| 035 | _a(CStRLIN)NYCX85-B33800 | ||
| 035 |
_a(CaOTULAS)124155618 _a(BD-RjUL)51502 |
||
| 040 |
_aNIC _cNIC _beng _dBD-RjUL |
||
| 041 | _aeng | ||
| 082 |
_223 _a519.5 _bGOS 1958 |
||
| 100 | 1 |
_aGosset, William Sealy, _d-1937. _9153688 |
|
| 245 | 1 | 1 |
_a"Student's" collected papers / _cWilliam Sealy Gosset ; edited by E. S. Pearson and John Wishart, with a foreword by Launce McMullen. |
| 260 |
_aCambridge [Eng.] : _bPublished for the Biometrika Trustees at the University Press, _c1958. |
||
| 300 |
_axvi, 224 p. : _billus. ; _c24 cm. |
||
| 650 | 0 |
_aMathematical statistics _9153689 |
|
| 700 | 1 |
_aPearson, E. S. _q(Egon Sharpe), _d1895-1980 _9153690 |
|
| 700 | 1 |
_aWishart, John, _d1898-1956. _9153691 |
|
| 942 |
_2ddc _cBK |
||
| 999 |
_c51382 _d51382 |
||